| 000 | 00684nam a22002177a 4500 | ||
|---|---|---|---|
| 999 |
_c8583 _d8583 |
||
| 003 | AR-CdUCM | ||
| 008 | 190325b ||||| |||| 00| 0 spa d | ||
| 040 |
_aMUNICIPALIDAD PROVINCIAL DEL CUSCO _cBIBLIOTECA MUNICIPAL DEL CUSCO |
||
| 082 |
_a801.952 / _bD12 |
||
| 100 |
_aDabini, Attilio _913099 |
||
| 245 | _aNotas sobre la "commedia dell´arte" / | ||
| 260 |
_aArgentina : _bBahia Blanca, _c1967. |
||
| 300 |
_a77 páginas ; _c23 cm. |
||
| 500 | _aDonación familia Nieto. | ||
| 650 |
_aTeatro escrito _924033 |
||
| 650 |
_aCritica y analisis _924034 |
||
| 650 |
_aTeatro escenico _924035 |
||
| 710 |
_aUniversidad Nacional del Sur _924036 |
||
| 942 |
_2ddc _cLIBROS |
||
| 945 | _azta | ||